000 00775nam a2200253Ia 4500
003 OSt
005 20221005041120.0
006 a|||||r|||| 00| 0
007 ta
008 221004b |||||||| |||| 00| 0 eng d
020 _a9788171101802 (hbk)
_c350
024 _a14445
037 _b163, 14/08/2014, Vidyanidhi Prakashan
_cTextual
040 _aCRL
_cCRL
_beng
041 _2eng
_aeng
082 _aR65,6, 111Q4
100 _aBhattacharjya Sunil Kumar Tr.
_9589514
245 0 _aOriginal Bhagavad Gita
260 _aDelhi
_bParimal Publication India
_c2014
300 _a332p.
_ccm.
650 _aPHILOSOPHY
942 _hR65,6, 111Q4
_cTEXL
_2cc
999 _c947999
_d947999